|
|
|
|
| LEADER |
00000nkm a2200000 a 4500 |
| 001 |
vtls001391432 |
| 003 |
SK-MaSNL |
| 005 |
20260302071725.0 |
| 008 |
231206sm y0 xx 0k slo |
| 035 |
|
|
|a SNK000345710
|
| 040 |
|
|
|a SNK
|b slo
|c SNK
|e AACR2
|
| 041 |
0 |
|
|a slo
|
| 044 |
|
|
|a xx
|
| 072 |
|
7 |
|2 konspekt
|
| 245 |
0 |
0 |
|a Státne kúpele Priehrada mládeže Nosice
|h grafika
|
| 260 |
|
|
|a Bratislava
|b SVPL
|c [po r.1950]
|
| 300 |
|
|
|a 1 pohľadnica
|c 11x15 cm
|
| 650 |
0 |
7 |
|2 konspekt
|
| 651 |
|
7 |
|a Štátne kúpele Priehrada mládeže (Nosice, Slovensko)
|2 SNK
|9 733851
|
| 655 |
|
7 |
|a geografické pohľadnice
|2 SNK
|9 70522
|
| 655 |
|
7 |
|a miestne pohľadnice
|2 SNK
|9 70510
|
| 958 |
|
|
|a GC
|
| 958 |
|
|
|a GBN
|
| 958 |
|
|
|a TL
|
| 999 |
|
|
|c 1153413
|d 1155343
|
| 952 |
|
|
|t P60, <03>, [BOOK], {603}
|a SNK
|b SNK
|y PREZ
|7 0
|p 17A0385903
|o snkSP 149269
|i snkPV 529/2000
|0 0
|1 0
|4 0
|d 2000-06-26
|l 0
|r 2005-01-02 00:00:00
|w 2026-02-24
|